000 00460nam a2200181Ia 4500
008 240925s9999 xx 000 0 und d
020 _a9814126357
082 _a621.385 JOH
100 _aJohn , C Bellamy
245 0 _aDigital Telephony
250 _a3rd
260 _aNew York:
_bJohn Wiley & Sons
_c,2003.
300 _axxvii,900p.
_bNA
_fPhotocopy
500 _aIncludes Index
600 _aElectronic Engineering
650 _aTechnology
942 _cBK
999 _c8341
_d8341